书目信息 |
| 题名: |
工程地下水
|
|
| 作者: | 唐益群 , 周洁 , 杨坪 编著 | |
| 分册: | ||
| 出版信息: | 上海 同济大学出版社 2020.08 |
|
| 页数: | 266页 | |
| 开本: | 26cm | |
| 丛书名: | ||
| 单 册: | ||
| 中图分类: | TU753.6 | |
| 科图分类: | ||
| 主题词: | 人工降低地下水--ren gong jiang di di xia shui--研究 | |
| 电子资源: | ||
| ISBN: | 978-7-5608-8880-4 | |
| 000 | 01130nam0 2200301 450 | |
| 001 | 202021191893 | |
| 005 | 20211025120131.0 | |
| 010 | @a978-7-5608-8880-4@dCNY58.00 | |
| 100 | @a20210922d2020 em y0chiy50 ea | |
| 101 | 0 | @achi |
| 102 | @aCN@b310000 | |
| 105 | @aak a 000yy | |
| 106 | @ar | |
| 200 | 1 | @a工程地下水@Agong cheng di xia shui@d= Engineering groundwater@f唐益群, 周洁, 杨坪编著@zeng |
| 205 | @a第2版 | |
| 210 | @a上海@c同济大学出版社@d2020.08 | |
| 215 | @a266页@c图@d26cm | |
| 300 | @a同济大学本科教材出版基金资助 | |
| 320 | @a有书目 (第262-266页) | |
| 330 | @a本书主要内容针对工程建设中地下水可能引起的工程地质问题与环境问题, 以工程地下水的降水为研究对象, 从地下水水文参数计算、工程地下水井点降水方法、深基坑工程降水、地下水监测及水位变化引起的岩土工程问题等方面进行详细介绍。 | |
| 510 | 1 | @aEngineering groundwater@zeng |
| 606 | 0 | @a人工降低地下水@Aren gong jiang di di xia shui@x研究 |
| 690 | @aTU753.6@v5 | |
| 701 | 0 | @a唐益群@Atang yi qun@4编著 |
| 701 | 0 | @a周洁@Azhou jie@4编著 |
| 701 | 0 | @a杨坪@Ayang ping@4编著 |
| 801 | 0 | @aCN@c20210909 |
| 905 | @a河南城建学院图书馆@dTU753.6@eT275 | |
| 工程地下水= Engineering groundwater/唐益群, 周洁, 杨坪编著.-第2版.-上海:同济大学出版社,2020.08 |
| 266页:图;26cm |
| 同济大学本科教材出版基金资助 |
| ISBN 978-7-5608-8880-4:CNY58.00 |
| 本书主要内容针对工程建设中地下水可能引起的工程地质问题与环境问题, 以工程地下水的降水为研究对象, 从地下水水文参数计算、工程地下水井点降水方法、深基坑工程降水、地下水监测及水位变化引起的岩土工程问题等方面进行详细介绍。 |
| ● |
| 相关链接 |
|
|
|
正题名:工程地下水
索取号:TU753.6/T275
 
预约/预借
| 序号 | 登录号 | 条形码 | 馆藏地/架位号 | 状态 | 备注 |
| 1 | 1540821 | 215408217 | 建筑库201/201建筑库 41排7列5层/ [索取号:TU753.6/T275] | 在馆 | |
| 2 | 1540822 | 215408226 | 建筑库201/201建筑库 41排7列5层/ [索取号:TU753.6/T275] | 在馆 |